| 000 | 00421nam a2200169 a 4500 | ||
|---|---|---|---|
| 005 | 20210223124941.0 | ||
| 008 | 030519s1975 fr r 000 0 fre d | ||
| 035 | _aUPN01000124371 | ||
| 049 | _aI | ||
| 050 | 4 |
_aQL795 L7 _bK4 |
|
| 100 | 1 | _aKervadec, Anne-Marie | |
| 245 | 1 | 0 | _aNos amis les lions. |
| 260 |
_aParĂs : _bCLE International, _c1975. |
||
| 300 |
_a15 p. : _bil. |
||
| 650 | 4 |
_aLEONES _920629 |
|
| 905 | _aLibro | ||
| 999 |
_c96550 _d96550 |
||